000 00510nam a22001337a 4500
082 _aMSCCS-4 SHO
100 _aMuhammad Shoaib
_928705
245 _aSmart card based protection for dalvik bytecode-dynamically loadable component of an android APK
260 _aIslamabad
_bNUST-SEECS
_c2015
300 _a45p.
_bill.;
_eCD-ROM
500 _aSupervisors: Dr. Abdul Ghafoor Abbasi, Dr. Adnan Kiani, Qaisar Chaudhary, Rahat Masood
856 _uhttp://10.250.8.41:8080/xmlui/handle/123456789/6672
942 _cPR
_2ddc
999 _c13391
_d13391